Представление документа в формате RUSMARC

ПолеНазваниеЗначение
  Тип записи a
  Библиографический уровень m
001 Контрольный номер RU/SLIB/B/208728846
005 Дата корректировки 20231102124109.0
010 Индекс ISBN __
a ISBN 5-7195-0033-2
d Цена 23000-00; 12750-00
101 Язык документа 0_
a Язык текста rus
c Язык оригинала ger
200 Заглавие и сведения об ответственности 1_
a Заглавие Словарь античности
e Сведения, относящиеся к заглавию пер. с нем.
f Первые сведения об ответственности редкол.: В. И. Кузищин
b Общее обозначение материала Текст
210 Выходные данные 1_
a Место издания М.
c Издательство Эллис Лак
c Издательство Прогресс
d Дата издания 1994
215 Физическое описание __
a Объем 704 с.
330 Аннотация __
a Аннотация Словарь содержит краткую информацию о различных сторонах цивилизации Древней Греции и Рима: политических событиях, рабовладельческом хозяйстве, философии и науке, литературе и искусстве, религии и военном деле, мифологии и технологии, отношениях с народами Севера и Востока, воздействии на культуру средних веков, возрождения и Нового времени. Родословные таблицы, списки царей и императоров, иллюстрации, карты, библиографический указатель имен.
606 Тематические рубрики __
a Основная рубрика История
606 Тематические рубрики __
a Основная рубрика Древний мир
y Географическая подрубрика Древняя Греция; Древний Рим
610 Ключевые слова 0_
a Ключевые слова античность; государства; идеология; цивилизация; цари; императоры; родословные; историческая литература; исторические факты; исторические даты; исторические данные; персоналии; античная архитектура; античная культура; античная литература; античная мифология
686 Индексы других классификаций __
a Классификационный индекс 63.3(0)3я2; ст63.3(0)3я2
702 Вторичная интеллектуальная ответственность _1
a Фамилия Кузищин
b Имя В..И.
4 Код отношения Редколлегия
801 Источник записи _0
a Страна RU
b Организация Муниципальное бюджетное учреждение культуры "Централизованная библиотечная система" г. Сургут (Центральная городская библиотека им. А. С. Пушкина)
g Правила каталогизации КиК/Елгина
801 Источник записи _1
a Страна RU
b Организация Муниципальное бюджетное учреждение культуры "Централизованная библиотечная система" г. Сургут (Центральная городская библиотека им. А. С. Пушкина)
g Правила каталогизации КиК/Елгина
852 Данные о местонахождении __
j Шифр хранения 63.3(0)3я2
c Каталожный индекс 63.3(0)3я2
i Авторский знак С 48
p Инвентарный номер 50643; 53642
901 Тип документа __
t Тип документа m
969 Тип издания __
a Тип издания словарь
990 Данные о заказе (DOS) __
j Количество экземпляров (DOS) 2